000 00372cam a2200157ua 4500
003 OSt
008 241223b |||||||| |||| 00| 0 eng d
041 _aeng
082 _a621.313
_bGRI/SY
100 _aGriffin, J .
_96536
245 _aSynchronour induction motor /
250 _a1 /
260 _a :
_bMacdonald & co. Ltd ,
_c1954.
300 _a134 ; .
942 _cBK
999 _c2182
_d2182